مكتبة جامعة عجلون الوطنية

فهرس بحث المكتبة

Eleven Plays of the Greek dramatists: Aeschylus. Sophocles. Euripides and Aristophanes (Record no. 2883)

MARC details
000 -LEADER
fixed length control field 00602nam a2200181Ii 4500
003 - CONTROL NUMBER IDENTIFIER
control field JO-AjNU
008 - FIXED-LENGTH DATA ELEMENTS--GENERAL INFORMATION
fixed length control field 230606s9999||||xx |||||||||||||| ||und||
040 ## - CATALOGING SOURCE
Original cataloging agency JO-AjNU
Language of cataloging eng
Description conventions rda
Transcribing agency JO-AjNU
041 ## - LANGUAGE CODE
Language code of text/sound track or separate title eng
050 14 - LIBRARY OF CONGRESS CALL NUMBER
Classification number PA3626.P6 1946
245 00 - TITLE STATEMENT
Title Eleven Plays of the Greek dramatists: Aeschylus. Sophocles. Euripides and Aristophanes
264 31 - PRODUCTION, PUBLICATION, DISTRIBUTION, MANUFACTURE, AND COPYRIGHT NOTICE
Place of production, publication, distribution, manufacture New York: The Universal library grosset& dunlap,1946
300 ## - PHYSICAL DESCRIPTION
Extent 360p
336 ## - CONTENT TYPE
Content type term text
Content type code txt
Source rdacontent
337 ## - MEDIA TYPE
Media type term unmediated
Media type code n
Source rdamedia
338 ## - CARRIER TYPE
Carrier type term volume
Carrier type code nc
Source rdacarrier
650 #4 - SUBJECT ADDED ENTRY--TOPICAL TERM
Topical term or geographic name entry element Greek drama - Translations into English
9 (RLIN) 5576
Holdings
Withdrawn status Lost status Source of classification or shelving scheme Damaged status Not for loan Home library Current library Shelving location Date acquired Total Checkouts Full call number Barcode Date last seen Price effective from Koha item type
    Library of Congress Classification     مكتبة جامعة عجلون الوطنية مكتبة جامعة عجلون الوطنية المجموعات العامة 06/06/2023   PA3626.P6 1946 E2885 06/06/2023 06/06/2023 Books